P38 Signaling Pathway (Record no. 19968)
[ view plain ]
| 000 -LEADER | |
|---|---|
| fixed length control field | 01275nam a2200133Ia 4500 |
| 008 - FIXED-LENGTH DATA ELEMENTS--GENERAL INFORMATION | |
| fixed length control field | 220616s9999||||xx |||||||||||||| ||und|| |
| 020 ## - INTERNATIONAL STANDARD BOOK NUMBER | |
| International Standard Book Number | 9783040000000 |
| 245 #0 - TITLE STATEMENT | |
| Title | P38 Signaling Pathway |
| 546 ## - LANGUAGE NOTE | |
| Language note | English[eng] |
| 650 ## - SUBJECT ADDED ENTRY--TOPICAL TERM | |
| Topical term or geographic name entry element | arginine methylation||erythroid differentiation||MKK3||phosphorylation, PRMT1||p38 MAPK||cocaine||conditioned place preference||reward||stress||anxiety||depression||nucleus accumbens||social interaction||k opioid receptors||p38α||Rab5||endosome||Alzheimer’s||Lewy Bodies||amyloid-β||tau||α-synuclein||p38-MAPK α inhibitor||Alzheimer’s disease||synaptic plasticity||neuroinflammation||β-amyloid||Tau||Kv4.2||seizure||temporal lobe epilepsy||hippocampus||neuronal firing and excitability||p38MAPK||nuclear translocation||β-like importins||inflammation||cancer||skeletal muscle||energy metabolism||signal transduction||exercise||type 2 diabetes||p38 mitogen-activated protein kinase||bleomycin-induced pulmonary fibrosis||idiopathic pulmonary fibrosis||RNA sequencing||alveolar epithelial type II cells||MAPK||p38||physiology||metabolism||signaling||hypoxia||arrhythmia||MAPK11||p38β||n/a |
| 700 ## - ADDED ENTRY--PERSONAL NAME | |
| Personal name | Cuenda, Ana||Sanz Ezquerro, Juan José |
| 856 ## - ELECTRONIC LOCATION AND ACCESS | |
| Uniform Resource Identifier | <a href="https://mdpi.com/books/pdfview/book/3909">https://mdpi.com/books/pdfview/book/3909</a> |
| 942 ## - ADDED ENTRY ELEMENTS (KOHA) | |
| Koha item type | E-Books |
| Withdrawn status | Lost status | Damaged status | Not for loan | Home library | Current library | Date acquired | Total Checkouts | Date last seen | Price effective from | Koha item type |
|---|---|---|---|---|---|---|---|---|---|---|
| Kerala University of Digital Sciences, Innovation and Technology Knowledge Centre | Kerala University of Digital Sciences, Innovation and Technology Knowledge Centre | 16/06/2022 | 16/06/2022 | 16/06/2022 | E-Books |